000 00536nam a2200169 4500
999 _c4653
_d4653
008 160919b xxu||||| |||| 00| 0 eng d
022 _a2094-8042
082 _aDPer 370.105 M72 Jan-Dec 2012 V. 60-61
100 _914856
_aQuinicio, Shirley B.
243 _aThe modern teacher
245 _aFilipino folk tale/
_cShirley Quinicio B.
260 _aPhilippines:
_bIn the Grade School, Inc.,
_c©2012.
300 _av61 n5, page 188;
_c28 cm.
500 _aThe Modern Teacher.
650 0 _914857
_aShort stories
942 _2ddc
_cPER